000 00998nam a2200313 u 4500
001 000043245
003 DO-SdBNP
005 20250131095653.0
007 ta
008 250131s2010 dr r 000 f spa d
020 _a9780557447022
040 _aDO-SdBNP
_bspa
_cBNPHU
_erda
041 _hspa
082 4 _aRD863.44
_bT266ve
_222
100 1 _aTejada Holguín, Ramón,
_d1961-
_eautor
_929856
245 1 3 _aLa verdadera historia de la mujer que era incapaz de amar /
_cRamón Tejada Holguín.
264 _aSanto Domingo :
_bMediaisla Editores,
_c2010.
300 _a143 páginas ;
_c23 cm.
336 _ardacontent
_btexto
_2txt
337 _ardamedia
_bsin mediación
_2n
338 _ardacarrier
_bvolumen
_2nc
490 _aLas edades de Alicia ;
_v1
500 _aIncluye datos biografícos del autor en la solapa de la cubierta.
590 _aInventariado, 2025/DG
650 0 _aNovela dominicana
_9223
650 0 _aLiteratura dominicana.
_967
910 _aDG
942 _2ddc
_cLBS1
999 _c58098
_d58098